[Event "Imperia op-A 23rd"]
[Site "Imperia"]
[Date "1981.09.09"]
[Round "4.65"]
[White "Luciani, Carlo"]
[Black "De Palma, Diego"]
[Result "1-0"]
[WhiteElo "2049"]
[BlackElo "1900"]
[PlyCount "63"]
[EventDate "1981.09.06"]
[EventType "swiss"]
[EventRounds "8"]
[EventCountry "ITA"]
[SourceTitle "EXT 2024"]
[Source "ChessBase"]
[SourceDate "2023.10.10"]
[SourceVersion "1"]
[SourceVersionDate "2023.10.10"]
[SourceQuality "1"]

1. e4 c5 2. Nf3 d6 3. c3 Nf6 4. Bd3 Nc6 5. h3 e5 6. Bc2 Qc7 7. d3 Be7 8. Nbd2 0-0 9. Nf1 d5 10. Ng3 h6 11. 0-0 dxe4 12. dxe4 Be6 13. Qe2 Rad8 14. Nh4 Nh7 15. Nhf5 Bg5 16. Bxg5 Nxg5 17. h4 Bxf5 18. exf5 Nh7 19. Nh5 Nf6 20. Nxf6+ gxf6 21. Qe3 Kg7 22. Qxc5 Rd2 23. Rac1 Rfd8 24. Rfe1 b6 25. Qc4 Qd6 26. Bb3 Rd7 27. Qg4+ Kh7 28. Re3 Na5 29. Bxf7 Rxf7 30. Qg6+ Kh8 31. Qxf7 Rxf2 32. Rg3 1-0